00888 2200325 4500001002100000005001500021035002000036007000300056008004100059020001600100040002200116082001400138084001400152090001700166245002600183300004400209440002500253500005500278650001600333850001200349041001300361264006800374336000900442337002000451338001100471990002000482990002000502990002000522990002000542INLIS00000000085381120191217081835 a0010-1219000497ta191216n jkia f ind d a718-120-672 aYOPDYOGbinderda04223a492.7 a492.7 BEL aKR 492.7 BEL00aBelajar angka hijaiah a2 lembar :bilustrasi berwarna ;c58 cm aPoster Pintar 2 in 1 aTeks terdiri dari Bahasa Indonesia dan Bahasa Arab 4aBahasa Arab aYOPDYOG0 aindgara31aJakarta :bElex Media Komputindo,cTahun terbit tidak diketahui ateks atanpa perantara avolume a40962-PD/B.2019 a40963-PD/B.2019 a40963-PD/B.2019 a40962-PD/B.2019